Szczegóły MARC21

Gedichte : Hamburger Ausgabe. Bd. 1 /

003 -Nazwa inst., której nr kontr. jest w polu 001 [,]
    • @
    • Nazwa instytucji, której n kontrolny jest w polu 001
    • NUKAT
005 -DATA I CZAS OSTATNIEJ MODYFIKACJI [,]
    • @
    • pole kontrolne
    • 20241231085721.0
040 -Instytucja sporządzająca opis [ , ]
    • a
    • Instytucja, która sporządziła opis (NP)
    • KR 119/IK
    • b
    • Język katalogowania
    • pol
    • e
    • Zasady katalogowania
    • rda
    • c
    • Instytucja, która sporządziła rekord (NP)
    • KR 119/IKs
    • d
    • Instytucja, która zmodyfikowała rekord (P)
    • KAT U/46MM
942 -Rodzaj dokumentu [ , ]
    • c
    • Rodzaj dokumentu
    • Książka
100 -Hasło główne - nazwa osobowa [1, ]
    • a
    • Nazwa osobowa (NP)
    • Goethe, Johann Wolfgang von
    • d
    • Daty biograficzne (NP)
    • (1749-1832).
    • e
    • Rodzaj współpracy
    • Autor
    • 9
    • KHW
    • 16761
245 -Strefa tytułu i oznaczenia odpowiedzialności [1,0]
    • a
    • Tytuł
    • Gedichte : Find
    • b
    • Ciąg dalszy tytułu (NP)
    • Hamburger Ausgabe. Find
    • n
    • Oznaczenie części (P)
    • Bd. 1 /
    • c
    • Pozostałe elementy strefy tytułu i oznaczenia odpowiedzialności (NP)
    • Goethe ; herausgegeben und kommentiert von Erich Trunz.
246 -Wariant tytułu [1,4]
    • a
    • Tytuł (NP)
    • Gedichte in zwei Bänden
250 -Strefa wydania [ , ]
    • a
    • Oznaczenie wydania (NP)
    • Erstmalig in der Fischer Bücherei.
260 -Strefa adresu wydawniczego [ , ]
    • a
    • Miejsce wydania (P)
    • Hamburg :
    • b
    • Nazwa wydawcy (P)
    • Fischer Bücherei,
    • c
    • Data wydania (P)
    • 1964.
300 -Strefa opisu fizycznego [ , ]
    • a
    • Określenie formy książki i/lub objętość (NP)
    • 423, [1] strona ;
    • c
    • Format (NP)
    • 19 cm.
336 -Typ zawartości [ , ]
    • a
    • Termin opisujący typ zawartości
    • Tekst
    • b
    • Kod określający zawartość
    • txt
    • 2
    • Źródło (terminu i kodu)
    • rdacontent
337 -Typ mediów [ , ]
    • a
    • Tryb odtwarzania
    • Bez urządzenia pośredniczącego
    • b
    • Kod typu mediów
    • n
    • 2
    • Źródło (terminu i kodu)
    • rdamedia
338 -Typ/rodzaj nośnika [ , ]
    • a
    • Hasło opisujące typ nośnika
    • Wolumin
    • b
    • Kod typu nośnika
    • nc
    • 2
    • Źródło (terminu i kodu)
    • rdacarrier
490 -Strefa serii i książki wielotomowej - forma nie do wyszukiwania [1, ]
    • a
    • Tytuł (P)
    • Die Fischer Bibliothek der Hundert Bücher. Exempla Classica ; Find
    • v
    • Numeracja (P)
    • 99
830 -Hasło dodatkowe serii i opisu książki wielotomowej - tytuł ujednolicony/tytuł [ ,4]
    • a
    • Tytuł ujednolicony/tytuł (NP)
    • Die Fischer Bibliothek der Hundert Bücher.
    • p
    • Nazwa części/podserii/sekcji (P)
    • Exempla Classica
    • v
    • Oznaczenie tomu (NP)
    • 99
    • 9
    • KHW
    • 97094
500 -Uwaga ogólna [ , ]
    • a
    • Uwaga ogólna (NP)
    • Der Text wurde folgender Ausgabe entnommen: Goethe Werke. Hamburger Ausgabe in 14 Bänden. Bd. 1 und 2. 7. (überarbeitete) Auflage. Hamburg 1964.
504 -Uwaga dot. bibliogr. załącznikowej [ , ]
    • a
    • Uwaga dot. bibliografii załącznikowej
    • Indeks.
080 -Uniwersalna Klasyfikacja Dziesiętna [ , ]
    • a
    • Symbol klasyfikacji
    • 830-1
080 -Uniwersalna Klasyfikacja Dziesiętna [ , ]
    • a
    • Symbol klasyfikacji
    • +830(091)-1"174/183"Goethe J.W.=30
655 -Hasło w funkcji tematu formalnego [ ,7]
    • a
    • Hasło
    • Poezja niemiecka
    • y
    • Określnik chronologiczny
    • 18 w.
    • 2
    • Źródło terminu
    • kaba
    • 9
    • KHW
    • 187294
655 -Hasło w funkcji tematu formalnego [ ,7]
    • a
    • Hasło
    • Poezja niemiecka
    • y
    • Określnik chronologiczny
    • 19 w.
    • 2
    • Źródło terminu
    • kaba
    • 9
    • KHW
    • 187296
980 -Symbol UKD [ , ]
    • a
    • UKD
    • 830-1+830(091)-1"174/183"Goethe J.W.=30
700 -Hasło dodatkowe - nazwa osobowa [1, ]
    • a
    • Nazwa osobowa (NP)
    • Trunz, Erich Find
    • d
    • Daty biograficzne (NP)
    • (1905-2001).
    • e
    • Określenie rodzaju współpracy
    • Redakcja
    • e
    • Określenie rodzaju współpracy
    • Komentarz
    • 9
    • KHW
    • 491853
710 -Hasło dodatkowe - nazwa ciała zbiorowego [2, ]
    • a
    • Nazwa ciała zbiorowego lub nazwa geograficzna jako pierwszy element (NP)
    • Fischer Bücherei.
    • e
    • Rodzaj współpracy
    • Wydawca
    • 4
    • Kod relacji
    • pbl
    • 9
    • KHW
    • 87801
Sygnatura Numer inwentarzowy Status udost. Lokalizacja Data inwentaryzacji
Germ. PoezjaG.11092-3BM1995-10-13